000 00448nam a2200181Ia 4500
001 23233
005 20260414150923.0
008 260414t2012||||xx |||||||||||||| ||spa||
041 _aESP
082 _a627.12
_bO31
100 _aOchoa Rubio, Tomás
_eAUT
245 0 _aHidráulica de ríos y procesos morfológicos
_b
260 _c2012
300 _alxx, 632 páginas :
_c24 cm.
650 _a0
654 _aCIC
942 _cLIB
_dJUS
_fJUS
_2ddc
_n
999 _c23233
_d23233